000 00443nam a2200181Ia 4500
001 19620
005 20260306172706.0
008 260306t2019||||xx |||||||||||||| ||spa||
041 _aESP
082 _a340.7
_bC75 Nº 43
100 _aHuapaya Tapia, Ramón
_eAUT
245 0 _aEl proceso contencioso administrativo
260 _c2019
300 _a193 páginas :
_c20 cm.
650 _aGEN
654 _aCDE
942 _cLIB
_dJUS
_fJUS
_2ddc
_n
999 _c19620
_d19620